[Event "GBR-ch108 Under 12"]
[Site "Torquay"]
[Date "2022.08.09"]
[Round "3"]
[White "Han, Qixuan"]
[Black "Dicen, Elis Denele"]
[Result "0-1"]
[WhiteElo "1489"]
[BlackElo "1712"]
[PlyCount "140"]
[EventDate "2022.08.08"]
[EventType "swiss"]
[EventRounds "7"]
[EventCountry "GBR"]
[SourceTitle "BritBase"]
[Source "John Saunders"]
[SourceDate "2021.06.05"]
[SourceVersion "1"]
[SourceVersionDate "2021.06.05"]
[SourceQuality "1"]

1. d4 d5 2. c4 e6 3. g3 Nf6 4. Bg2 dxc4 5. Nf3 a6 6. Ne5 Bb4+ 7. Nc3 Nd5 8. Bd2
O-O 9. Nxc4 Nc6 10. Nxd5 exd5 11. Bxb4 Nxb4 12. Ne5 f6 13. Nf3 Bf5 14. O-O Qd7
15. a3 Nc6 16. Rc1 Ne7 17. Qd2 c6 18. Rfe1 Rae8 19. e3 Nc8 20. Rc3 Nd6 21. Rb3
Be4 22. Nh4 Bxg2 23. Kxg2 Re7 24. Qe2 Rfe8 25. Qh5 g6 26. Qd1 Ne4 27. Qd3 Ng5
28. Qe2 Re4 29. Nf3 Nf7 30. Qd2 Nd6 31. Qb4 R4e7 32. Nd2 Kg7 33. Qc3 Qe6 34.
Qd3 Qg4 35. Qe2 Qf5 36. Qf3 Qd7 37. Qd1 b5 38. Rc3 Nc4 39. Qc1 h5 40. Nb3 h4
41. h3 hxg3 42. fxg3 Rh8 43. Rh1 Qe6 44. Nc5 Qf5 45. b3 Nd6 46. Qf1 Qc8 47. Qf4
Nf7 48. Rc2 Ng5 49. h4 Ne4 50. Nxe4 Rxe4 51. Qf3 Qe6 52. Re2 Re8 53. Rhe1 c5
54. dxc5 d4 55. Kf2 d3 56. Rd2 Qxb3 57. c6 Qc3 58. Qd1 Qxc6 59. Rxd3 R8e7 60.
Qd2 Rc4 61. Rd6 Qe4 62. Rc1 Qf5+ 63. Kg2 Ra4 64. Qc3 Rc4 65. Qd2 Rg4 66. Rf1
Qe4+ 67. Kh2 Qe5 68. Rdxf6 Qxg3+ 69. Kh1 Rxh4+ 70. Qh2 Qxh2# 0-1

[Event "GBR-ch108 Under 12"]
[Site "Torquay"]
[Date "2022.08.09"]
[Round "3"]
[White "Hariharan, Shambavi"]
[Black "Steiners, Emils"]
[Result "0-1"]
[WhiteElo "1529"]
[BlackElo "1686"]
[PlyCount "112"]
[EventDate "2022.08.08"]
[EventType "swiss"]
[EventRounds "7"]
[EventCountry "GBR"]
[SourceTitle "BritBase"]
[Source "John Saunders"]
[SourceDate "2021.06.05"]
[SourceVersion "1"]
[SourceVersionDate "2021.06.05"]
[SourceQuality "1"]

1. d4 d5 2. Bf4 Nf6 3. e3 c5 4. Nf3 Nc6 5. c3 Qb6 6. Qc1 Bf5 7. dxc5 Qxc5 8.
Nbd2 g6 9. Be2 Bg7 10. h3 O-O 11. O-O Rfe8 12. Bh2 e5 13. Nb3 Qb6 14. Re1 Rac8
15. Qd1 Rcd8 16. Qc1 a5 17. Nbd2 h5 18. Nh4 Bc8 19. Bf1 e4 20. f4 exf3 21.
Ndxf3 Bh6 22. Nd4 Nxd4 23. cxd4 Rxe3 24. Qc7 Qxd4 25. Rxe3 Qxe3+ 26. Kh1 Rf8
27. Qxa5 Ne4 28. Qe1 Nf2+ 29. Kg1 Nxh3+ 30. Kh1 Nf2+ 31. Kg1 Qb6 32. Qe2 Bg4
33. Nf3 Ne4+ 34. Kh1 Qf6 35. a4 Re8 36. Qb5 Rd8 37. Qe2 Rf8 38. Ra3 Bf4 39. Qc2
Bxf3 40. Rxf3 Qh4 41. g3 Bxg3 42. Qg2 Qxh2+ 43. Qxh2 Bxh2 44. Kxh2 Rc8 45. Bd3
Rc1 46. b4 Ra1 47. Bb5 Ra2+ 48. Kg1 Rb2 49. Be8 Nd6 50. Bd7 Rxb4 51. Rf6 Rb1+
52. Kg2 Ne4 53. Rf4 Kg7 54. Bb5 f5 55. Bd3 Rd1 56. Bxe4 dxe4 0-1

[Event "GBR-ch108 Under 12"]
[Site "Torquay"]
[Date "2022.08.09"]
[Round "3"]
[White "Parikh, Naavya"]
[Black "Kumar, Sanjit S"]
[Result "0-1"]
[WhiteElo "1570"]
[BlackElo "1711"]
[PlyCount "150"]
[EventDate "2022.08.08"]
[EventType "swiss"]
[EventRounds "7"]
[EventCountry "GBR"]
[SourceTitle "BritBase"]
[Source "John Saunders"]
[SourceDate "2021.06.05"]
[SourceVersion "1"]
[SourceVersionDate "2021.06.05"]
[SourceQuality "1"]

1. e4 e6 2. d4 d5 3. e5 c5 4. c3 Nc6 5. Nf3 Qb6 6. Be2 cxd4 7. cxd4 Nh6 8. Qb3
Qxb3 9. axb3 Nf5 10. Be3 Bb4+ 11. Nc3 Bd7 12. O-O O-O 13. Bd3 Nce7 14. Bd2 h5
15. Ne2 Bxd2 16. Nxd2 g6 17. Rfc1 Nc6 18. Bxf5 exf5 19. f4 Rfc8 20. Rc3 Kf8 21.
Nf3 Ke7 22. g3 a6 23. Kf2 Nb4 24. Nc1 Bb5 25. Ne1 Rc6 26. Ke3 Rac8 27. Kd2 Ke6
28. Ncd3 Bxd3 29. Nxd3 Nc2 30. Ra4 b5 31. Nc5+ Ke7 32. Rxa6 Nxd4 33. Rxc6 Nxc6
34. Nd3 Na7 35. Rxc8 Nxc8 36. Nb4 Ke6 37. Nc6 Kd7 38. Nd4 b4 39. Nc2 Kc6 40.
Nxb4+ Kc5 41. Nc2 Na7 42. Kd3 Nc6 43. b4+ Kb6 44. Kc3 g5 45. Nd4 gxf4 46. Nxc6
fxg3 47. hxg3 Kxc6 48. Kd4 f4 49. gxf4 h4 50. b5+ Kxb5 51. Kxd5 h3 52. f5 h2
53. e6 h1=Q+ 54. Kd6 Qc6+ 55. Ke7 fxe6 56. fxe6 Kb4 57. Kf7 Qf3+ 58. Ke8 Kb3
59. e7 Kxb2 60. Kd7 Qd5+ 61. Kc7 Qe6 62. Kd8 Qd6+ 63. Ke8 Kc3 64. Kf7 Qf4+ 65.
Ke6 Qe4+ 66. Kf6 Kd4 67. Kf7 Qf5+ 68. Kg7 Qe6 69. Kf8 Qf6+ 70. Ke8 Kd5 71. Kd7
Qd6+ 72. Ke8 Ke6 73. Kf8 Qxe7+ 74. Kg8 Kf6 75. Kh8 Qg7# 0-1

[Event "GBR-ch108 Under 12"]
[Site "Torquay"]
[Date "2022.08.09"]
[Round "3"]
[White "Pereslavtsev, Alexandr"]
[Black "Ward, Cian"]
[Result "0-1"]
[WhiteElo "1471"]
[BlackElo "1431"]
[PlyCount "96"]
[EventDate "2022.08.08"]
[EventType "swiss"]
[EventRounds "7"]
[EventCountry "GBR"]
[SourceTitle "BritBase"]
[Source "John Saunders"]
[SourceDate "2021.06.05"]
[SourceVersion "1"]
[SourceVersionDate "2021.06.05"]
[SourceQuality "1"]

1. d4 d5 2. c4 c6 3. Nc3 Nf6 4. Nf3 dxc4 5. a4 Bf5 6. e3 e6 7. Bxc4 Nbd7 8. Qe2
Bb4 9. O-O Bxc3 10. bxc3 O-O 11. Ba3 Re8 12. Bd3 Bxd3 13. Qxd3 e5 14. Qc4 Nb6
15. Qb3 e4 16. Ne5 Qd5 17. c4 Qe6 18. Rab1 Rab8 19. Bc5 Nc8 20. a5 h5 21. f3
Nd7 22. Nxd7 Qxd7 23. Qd1 exf3 24. Qxf3 Qe6 25. d5 cxd5 26. cxd5 Qg6 27. Qf4
Ra8 28. Rxb7 f6 29. d6 Nxd6 30. Qxd6 Rad8 31. Qg3 Qh7 32. Rxf6 Rd1+ 33. Rf1
Rxf1+ 34. Kxf1 Qd3+ 35. Ke1 Qc3+ 36. Kd1 Qd3+ 37. Kc1 Qc3+ 38. Kb1 Qd3+ 39. Kb2
Qd2+ 40. Kb3 Qd3+ 41. Ka4 Qc4+ 42. Rb4 Qxc5 43. Qg6 Qe7 44. Qxh5 Qd7+ 45. Qb5
Qd1+ 46. Ka3 Qa1+ 47. Kb3 Rxe3+ 48. Kc2 Rc3+ 0-1

[Event "GBR-ch108 Under 12"]
[Site "Torquay"]
[Date "2022.08.09"]
[Round "3"]
[White "Singh, Hari"]
[Black "Eccleston, Rowan"]
[Result "1/2-1/2"]
[WhiteElo "1129"]
[BlackElo "1020"]
[PlyCount "48"]
[EventDate "2022.08.08"]
[EventType "swiss"]
[EventRounds "7"]
[EventCountry "GBR"]
[SourceTitle "BritBase"]
[Source "John Saunders"]
[SourceDate "2021.06.05"]
[SourceVersion "1"]
[SourceVersionDate "2021.06.05"]
[SourceQuality "1"]

1. d4 f5 2. Nf3 Nf6 3. e3 e6 4. Bd3 Bd6 5. Nbd2 b6 6. O-O Bb7 7. Ne5 O-O 8.
Ndc4 Bxe5 9. dxe5 Ng4 10. h3 Nh6 11. f3 Nf7 12. f4 c5 13. Qe2 Qc7 14. e4 b5 15.
Nd6 Nxd6 16. exd6 Qxd6 17. Bxb5 Bxe4 18. Rd1 Qc7 19. Be3 Rf6 20. Qc4 a6 21. Ba4
d6 22. Bd4 Rg6 23. Rd2 Ra7 24. Be3 Ba8 1/2-1/2

[Event "GBR-ch108 Under 12"]
[Site "Torquay"]
[Date "2022.08.10"]
[Round "4"]
[White "Ashton, Alannah"]
[Black "Shi, Shaoquan"]
[Result "1/2-1/2"]
[WhiteElo "1212"]
[BlackElo "1392"]
[PlyCount "66"]
[EventDate "2022.08.08"]
[EventType "swiss"]
[EventRounds "7"]
[EventCountry "GBR"]
[SourceTitle "BritBase"]
[Source "John Saunders"]
[SourceDate "2021.06.05"]
[SourceVersion "1"]
[SourceVersionDate "2021.06.05"]
[SourceQuality "1"]

1. e4 e5 2. Nf3 Nc6 3. Bb5 a6 4. Ba4 Nf6 5. O-O Be7 6. Re1 b5 7. Bb3 d6 8. c3
Na5 9. Bc2 c5 10. h3 Nc6 11. d4 cxd4 12. cxd4 Qc7 13. d5 Nb4 14. Bb3 a5 15. a4
bxa4 16. Bxa4+ Bd7 17. Bxd7+ Nxd7 18. Nc3 O-O 19. Be3 Rfb8 20. Rc1 Qc4 21. Na4
Qb5 22. Rc7 Rb7 23. Rxb7 Qxb7 24. Qb3 Bd8 25. Rc1 Rc8 26. Rc3 h6 27. Nd2 Kf8
28. Nc4 Ke7 29. f4 f6 30. f5 Qb5 31. Nxd6 Rc7 32. Rc4 Rxc4 33. Nc3 Rxc3 1/2-1/2

[Event "GBR-ch108 Under 12"]
[Site "Torquay"]
[Date "2022.08.10"]
[Round "4"]
[White "Ball, Charlie J"]
[Black "Eccleston, Rowan"]
[Result "1-0"]
[WhiteElo "1289"]
[BlackElo "1020"]
[PlyCount "33"]
[EventDate "2022.08.08"]
[EventType "swiss"]
[EventRounds "7"]
[EventCountry "GBR"]
[SourceTitle "BritBase"]
[Source "John Saunders"]
[SourceDate "2021.06.05"]
[SourceVersion "1"]
[SourceVersionDate "2021.06.05"]
[SourceQuality "1"]

1. e4 e5 2. Nf3 Nc6 3. d4 f6 4. Bc4 b6 5. dxe5 Qe7 6. Nc3 Na5 7. Bxg8 Rxg8 8.
Qd5 Bb7 9. Qxg8 O-O-O 10. Nd5 Qc5 11. O-O Ba6 12. Be3 Qc6 13. Rfc1 Nc4 14. Qxf8
Nxe3 15. Ne7+ Kb7 16. Qxd8 Qxe4 17. Qc8# 1-0

[Event "GBR-ch108 Under 12"]
[Site "Torquay"]
[Date "2022.08.10"]
[Round "4"]
[White "Dicen, Elis Denele"]
[Black "Parikh, Naavya"]
[Result "1/2-1/2"]
[WhiteElo "1712"]
[BlackElo "1570"]
[PlyCount "119"]
[EventDate "2022.08.08"]
[EventType "swiss"]
[EventRounds "7"]
[EventCountry "GBR"]
[SourceTitle "BritBase"]
[Source "John Saunders"]
[SourceDate "2021.06.05"]
[SourceVersion "1"]
[SourceVersionDate "2021.06.05"]
[SourceQuality "1"]

1. e4 e6 2. d4 d5 3. Nc3 dxe4 4. Nxe4 Nd7 5. Nf3 Ngf6 6. Nxf6+ Nxf6 7. Ne5 c5
8. Bb5+ Bd7 9. Nxd7 Nxd7 10. O-O a6 11. Be2 Nf6 12. Bf3 Qc7 13. dxc5 Bxc5 14.
Bg5 Be7 15. c3 O-O 16. Qb3 Rab8 17. Rad1 b5 18. Rfe1 Rfd8 19. g3 Rxd1 20. Rxd1
h6 21. Be3 Bc5 22. Bxc5 Qxc5 23. Qc2 a5 24. Qd3 Rc8 25. Qd4 Qc7 26. a3 Nh7 27.
h4 Nf8 28. Be4 f5 29. Bg2 Ng6 30. Bf1 Rb8 31. Qd6 Qb6 32. Qxb6 Rxb6 33. Rd8+
Kf7 34. Ra8 b4 35. Rxa5 bxc3 36. bxc3 Kf6 37. c4 Ne5 38. Kg2 Rb2 39. c5 Ng4 40.
c6 Rxf2+ 41. Kg1 Rc2 42. Ra6 Rc1 43. c7 Rxc7 44. Bb5 Rc1+ 45. Kg2 g5 46. hxg5+
hxg5 47. Bd7 Re1 48. a4 Re5 49. Kg1 Ne3 50. Rc6 Ke7 51. Bc8 f4 52. gxf4 gxf4
53. a5 Rxa5 54. Rxe6+ Kd8 55. Bb7 Kd7 56. Rb6 Kc7 57. Rb4 Rf5 58. Kf2 Nd5 59.
Bxd5 Rxd5 60. Rxf4 1/2-1/2

[Event "GBR-ch108 Under 12"]
[Site "Torquay"]
[Date "2022.08.10"]
[Round "4"]
[White "Kumar, Sanjit S"]
[Black "Binu, Nathan"]
[Result "1-0"]
[WhiteElo "1711"]
[BlackElo "1276"]
[PlyCount "141"]
[EventDate "2022.08.08"]
[EventType "swiss"]
[EventRounds "7"]
[EventCountry "GBR"]
[SourceTitle "BritBase"]
[Source "John Saunders"]
[SourceDate "2021.06.05"]
[SourceVersion "1"]
[SourceVersionDate "2021.06.05"]
[SourceQuality "1"]

1. e4 e5 2. Nf3 Nc6 3. Bb5 a6 4. Ba4 d6 5. c3 Bd7 6. d4 Nf6 7. Nbd2 Be7 8. O-O
O-O 9. Re1 exd4 10. cxd4 Qe8 11. Bb3 Na5 12. Bc2 Nc6 13. h3 Nb4 14. Bb1 Bb5 15.
Nf1 c5 16. Ne3 b6 17. a3 Nc6 18. a4 cxd4 19. axb5 dxe3 20. bxc6 exf2+ 21. Kxf2
Qxc6 22. Qc2 Qb5 23. Nd4 Qc5 24. Be3 Qxc2+ 25. Bxc2 Nd7 26. Nf5 Bf6 27. Bd4
Bxd4+ 28. Nxd4 Rfc8 29. Bd3 Nc5 30. Ke3 Re8 31. Kd2 a5 32. Rab1 Re7 33. Nb5
Rae8 34. Nc3 f5 35. Bc4+ Kf8 36. exf5 Ne4+ 37. Rxe4 Rxe4 38. Nxe4 Rxe4 39. Bd3
Rb4 40. Kc3 d5 41. Re1 d4+ 42. Kc2 a4 43. Re5 Kf7 44. Rb5 Rxb5 45. Bxb5 Kf6 46.
Bd7 h5 47. Kd3 Ke5 48. Bxa4 h4 49. Bd1 Kd5 50. Bb3+ Kc5 51. Bc4 b5 52. Bxb5
Kxb5 53. Kxd4 Kb4 54. Ke5 Kb3 55. Ke6 Kxb2 56. Kf7 Kc3 57. Kxg7 Kd3 58. f6 Ke2
59. f7 Kf2 60. f8=Q+ Kxg2 61. Qf5 Kg3 62. Qg4+ Kf2 63. Qxh4+ Ke2 64. Qg3 Kd2
65. h4 Ke2 66. h5 Kd2 67. h6 Ke2 68. h7 Kd2 69. h8=R Ke2 70. Rh2+ Kf1 71. Qf2#
1-0

[Event "GBR-ch108 Under 12"]
[Site "Torquay"]
[Date "2022.08.10"]
[Round "4"]
[White "Patel, Zain"]
[Black "Yu, Rock"]
[Result "1-0"]
[WhiteElo "1679"]
[BlackElo "1409"]
[PlyCount "97"]
[EventDate "2022.08.08"]
[EventType "swiss"]
[EventRounds "7"]
[EventCountry "GBR"]
[SourceTitle "BritBase"]
[Source "John Saunders"]
[SourceDate "2021.06.05"]
[SourceVersion "1"]
[SourceVersionDate "2021.06.05"]
[SourceQuality "1"]

1. Nf3 Nf6 2. g3 d6 3. Bg2 e5 4. O-O c6 5. c4 Be7 6. Nc3 Bg4 7. d4 Nbd7 8. b4
e4 9. Nd2 d5 10. b5 O-O 11. bxc6 bxc6 12. c5 Rb8 13. Qa4 Qc7 14. Nb3 Qb7 15.
Na5 Qa8 16. Qxc6 Rfc8 17. Qxa8 Rxa8 18. h3 Bf5 19. g4 Be6 20. a4 Bxc5 21. dxc5
Rxc5 22. Nb5 a6 23. Nb3 axb5 24. Nxc5 Nxc5 25. a5 Nb3 26. Ra3 Nd4 27. Ra2 b4
28. Rd1 Nc6 29. g5 Nd7 30. Bd2 Nde5 31. Rc1 Nc4 32. Rb1 Rb8 33. a6 b3 34. a7
Nxa7 35. Rxa7 Nxd2 36. Rb2 g6 37. Ra3 Kf8 38. e3 Ke7 39. Kh2 Kd6 40. Rxd2 b2
41. Bxe4 b1=Q 42. Bxb1 Rxb1 43. Ra4 Ke5 44. Rf4 Rc1 45. Rb2 Rc8 46. Rb7 Rf8 47.
Kg3 Bf5 48. Rd4 Be6 49. Rb6 1-0

[Event "GBR-ch108 Under 12"]
[Site "Torquay"]
[Date "2022.08.10"]
[Round "4"]
[White "Steiners, Emils"]
[Black "Lapidus, Alexey M"]
[Result "1-0"]
[WhiteElo "1686"]
[BlackElo "1300"]
[PlyCount "101"]
[EventDate "2022.08.08"]
[EventType "swiss"]
[EventRounds "7"]
[EventCountry "GBR"]
[SourceTitle "BritBase"]
[Source "John Saunders"]
[SourceDate "2021.06.05"]
[SourceVersion "1"]
[SourceVersionDate "2021.06.05"]
[SourceQuality "1"]

1. d4 d5 2. c4 e6 3. Nc3 Nf6 4. cxd5 exd5 5. Bg5 Be7 6. e3 c6 7. Qc2 O-O 8. Bd3
Nbd7 9. Nge2 Re8 10. O-O Nf8 11. f3 g6 12. e4 dxe4 13. fxe4 Ne6 14. Be3 Ng4 15.
Qd2 Nxe3 16. Qxe3 Nc7 17. Bc4 Rf8 18. Rad1 b5 19. Bb3 b4 20. Na4 Ba6 21. Rfe1
Qc8 22. Ng3 Bb5 23. Rc1 Qd8 24. Rc2 Na6 25. e5 Qa5 26. Nc5 Nxc5 27. dxc5 Ba4
28. Ne4 Bxb3 29. Qxb3 Rad8 30. Nd6 Rb8 31. Rf1 Bxd6 32. exd6 Qd8 33. Rcf2 Qd7
34. Re2 Rfe8 35. Rfe1 a5 36. Re7 Rxe7 37. Rxe7 Qf5 38. Qc4 Kf8 39. Qd4 f6 40.
g4 Qg5 41. Qc4 Qd5 42. Qxd5 cxd5 43. c6 Re8 44. c7 Ra8 45. Rxh7 d4 46. Rh8+ Kf7
47. Rxa8 d3 48. c8=Q d2 49. Qe8+ Kg7 50. Qh8+ Kf7 51. Qg8# 1-0

[Event "GBR-ch108 Under 12"]
[Site "Torquay"]
[Date "2022.08.10"]
[Round "4"]
[White "Ward, Cian"]
[Black "Grose, Kameron"]
[Result "0-1"]
[WhiteElo "1431"]
[BlackElo "1515"]
[PlyCount "128"]
[EventDate "2022.08.08"]
[EventType "swiss"]
[EventRounds "7"]
[EventCountry "GBR"]
[SourceTitle "BritBase"]
[Source "John Saunders"]
[SourceDate "2021.06.05"]
[SourceVersion "1"]
[SourceVersionDate "2021.06.05"]
[SourceQuality "1"]

1. e4 c5 2. c3 d5 3. exd5 Qxd5 4. d4 g6 5. Nf3 Bg7 6. dxc5 Qxc5 7. Be3 Qc7 8.
Nbd2 Nh6 9. Nb3 Nf5 10. Bd2 Nc6 11. Qc1 O-O 12. Bd3 Ne5 13. Nxe5 Qxe5+ 14. Kf1
Rd8 15. Be2 b6 16. Bf3 Ba6+ 17. Kg1 Rac8 18. g3 Qc7 19. Kg2 Rd3 20. Be2 Bb7+
21. f3 Qc6 22. Rf1 Rd7 23. Kg1 Rcd8 24. Qe1 a5 25. Rd1 Qa4 26. Nc1 Qc2 27. Bf4
Rxd1 28. Bxd1 Qxb2 29. Ne2 e5 30. Bc1 Qxa2 31. Qf2 Qe6 32. g4 Ne7 33. Ba3 Bf8
34. Re1 Nc8 35. Bxf8 Kxf8 36. Qh4 Qe7 37. Qxh7 Qf6 38. Qh6+ Kg8 39. Ng3 Qf4 40.
Qxf4 exf4 41. Ne4 Kg7 42. Bc2 Bxe4 43. Bxe4 Rd6 44. c4 Na7 45. Rc1 Rd7 46. Rb1
Rd6 47. Rc1 Rd7 48. Rb1 Nc8 49. Ra1 Rc7 50. Rc1 Nd6 51. Bd5 b5 52. c5 Nc4 53.
c6 Kf6 54. Rb1 Nd6 55. Kf2 Ke5 56. Be4 Nxe4+ 57. fxe4 b4 58. Rc1 Kd6 59. Ra1
Ra7 60. Ke2 Kxc6 61. Kd3 Kb5 62. h4 f6 63. g5 fxg5 64. hxg5 Rd7+ 0-1

[Event "GBR-ch108 Under 12"]
[Site "Torquay"]
[Date "2022.08.10"]
[Round "4"]
[White "Zhu, Pengxiao"]
[Black "Kumar, Soham"]
[Result "0-1"]
[WhiteElo "1391"]
[BlackElo "1831"]
[PlyCount "70"]
[EventDate "2022.08.08"]
[EventType "swiss"]
[EventRounds "7"]
[EventCountry "GBR"]
[SourceTitle "BritBase"]
[Source "John Saunders"]
[SourceDate "2021.06.05"]
[SourceVersion "1"]
[SourceVersionDate "2021.06.05"]
[SourceQuality "1"]

1. d4 Nf6 2. c4 c5 3. d5 b5 4. cxb5 a6 5. bxa6 Bxa6 6. Nc3 d6 7. f4 Nbd7 8. Nf3
g6 9. e4 Bxf1 10. Rxf1 Qc7 11. Kf2 Bg7 12. Kg1 O-O 13. Re1 c4 14. h3 Nc5 15. e5
Ne8 16. Qd4 Nd3 17. Re4 dxe5 18. fxe5 Nd6 19. Re2 Nf5 20. Qg4 h5 21. Qe4 Ng3
22. Qe3 Nxe2+ 23. Qxe2 Nxe5 24. Be3 Nxf3+ 25. Qxf3 Qb7 26. Nd1 Rfd8 27. Rc1
Qxd5 28. Qe2 Rxa2 29. Nc3 Bxc3 30. Rxc3 Qd1+ 31. Qxd1 Rxd1+ 32. Kh2 Rxb2 33.
Rxc4 f6 34. Rc7 Kf7 35. Bc5 Re2 0-1

[Event "GBR-ch108 Under 12"]
[Site "Torquay"]
[Date "2022.08.11"]
[Round "5"]
[White "Catabay, Mae Katelyn Rose"]
[Black "Rastogi, Nayan Keats"]
[Result "1/2-1/2"]
[WhiteElo "1401"]
[BlackElo "1439"]
[PlyCount "36"]
[EventDate "2022.08.08"]
[EventType "swiss"]
[EventRounds "7"]
[EventCountry "GBR"]
[SourceTitle "BritBase"]
[Source "John Saunders"]
[SourceDate "2021.06.05"]
[SourceVersion "1"]
[SourceVersionDate "2021.06.05"]
[SourceQuality "1"]

1. d4 Nf6 2. c4 g6 3. Nc3 Bg7 4. e4 d6 5. Nf3 O-O 6. Be2 e5 7. Be3 Ng4 8. O-O
Nxe3 9. fxe3 c6 10. Rb1 Na6 11. Qd2 Nc7 12. Rbd1 Bg4 13. h3 Bxf3 14. Bxf3 Qe7
15. Qe2 Rfd8 16. a3 f6 17. d5 a5 18. b3 Na6 1/2-1/2

[Event "GBR-ch108 Under 12"]
[Site "Torquay"]
[Date "2022.08.11"]
[Round "5"]
[White "Eccleston, Rowan"]
[Black "Kong, Emma"]
[Result "0-1"]
[WhiteElo "1020"]
[BlackElo "1290"]
[PlyCount "94"]
[EventDate "2022.08.08"]
[EventType "swiss"]
[EventRounds "7"]
[EventCountry "GBR"]
[SourceTitle "BritBase"]
[Source "John Saunders"]
[SourceDate "2021.06.05"]
[SourceVersion "1"]
[SourceVersionDate "2021.06.05"]
[SourceQuality "1"]

1. f4 c5 2. Nf3 d6 3. e3 a6 4. b3 Nf6 5. Bb2 e6 6. Bd3 Be7 7. O-O O-O 8. Qe1
Nbd7 9. Qg3 g6 10. Qh3 Nb6 11. Qh6 Nbd7 12. Ng5 Qc7 13. Rf3 e5 14. Rh3 Rd8 15.
Nxh7 Nf8 16. Nxf8 Bxh3 17. Qxh3 Rxf8 18. Qg3 Nh5 19. Qh3 Qc8 20. g4 Bf6 21. f5
e4 22. Bxf6 Nxf6 23. Bc4 b5 24. Be2 Nh7 25. a4 b4 26. Bc4 gxf5 27. gxf5 Kh8 28.
d3 exd3 29. Bxd3 f6 30. Nd2 Rg8+ 31. Kh1 Qc6+ 32. e4 Rae8 33. Re1 d5 34. Qh4
dxe4 35. Nxe4 Re5 36. Qf4 Rg5 37. Re3 Rgxf5 38. Qh6 Rh5 39. Qg6 Reg5 40. Qf7 f5
41. Bc4 fxe4 42. Bd5 Qxd5 43. Qe8+ Qg8 44. Qe5+ Rxe5 45. c4 Rhg5 46. Re1 Qf7
47. a5 Qf3# 0-1

[Event "GBR-ch108 Under 12"]
[Site "Torquay"]
[Date "2022.08.11"]
[Round "5"]
[White "Grose, Kameron"]
[Black "Kumar, Sanjit S"]
[Result "1-0"]
[WhiteElo "1515"]
[BlackElo "1711"]
[PlyCount "77"]
[EventDate "2022.08.08"]
[EventType "swiss"]
[EventRounds "7"]
[EventCountry "GBR"]
[SourceTitle "BritBase"]
[Source "John Saunders"]
[SourceDate "2021.06.05"]
[SourceVersion "1"]
[SourceVersionDate "2021.06.05"]
[SourceQuality "1"]

1. e4 e6 2. d4 d5 3. Nd2 c5 4. exd5 Qxd5 5. Ngf3 cxd4 6. Bc4 Qd6 7. O-O Nf6 8.
Nb3 Nc6 9. Nbxd4 Nxd4 10. Nxd4 Be7 11. c3 O-O 12. Qf3 Qc7 13. Bb3 a5 14. a4 Bd7
15. Re1 Bd6 16. h3 h6 17. Bxh6 e5 18. Nb5 Bxb5 19. axb5 Rfe8 20. Qf5 Bf8 21.
Bg5 Nh7 22. Be3 Nf6 23. Ba4 b6 24. Rad1 Bc5 25. Bg5 Nh7 26. Rd7 Qxd7 27. Qxd7
Nxg5 28. Qf5 f6 29. Bb3+ Kf8 30. Bd5 Rad8 31. c4 Nf7 32. Qh5 Re7 33. Re4 Nh6
34. Rh4 Rc7 35. Qg6 Rd6 36. Qh7 Nf7 37. Rg4 Nh6 38. Rg6 Nf5 39. g4 1-0

[Event "GBR-ch108 Under 12"]
[Site "Torquay"]
[Date "2022.08.11"]
[Round "5"]
[White "Hariharan, Shambavi"]
[Black "Patel, Zain"]
[Result "1/2-1/2"]
[WhiteElo "1529"]
[BlackElo "1679"]
[PlyCount "102"]
[EventDate "2022.08.08"]
[EventType "swiss"]
[EventRounds "7"]
[EventCountry "GBR"]
[SourceTitle "BritBase"]
[Source "John Saunders"]
[SourceDate "2021.06.05"]
[SourceVersion "1"]
[SourceVersionDate "2021.06.05"]
[SourceQuality "1"]

1. d4 c5 2. Bf4 cxd4 3. Qxd4 Nc6 4. Qd2 e5 5. Bg3 d5 6. e3 Nf6 7. c3 Bf5 8. Nf3
Bd6 9. Qd1 O-O 10. Bb5 Qb6 11. Bxc6 Qxb2 12. Nbd2 bxc6 13. Nxe5 Bc2 14. Qc1
Qxc3 15. O-O Ba3 16. Qe1 Bb2 17. Rc1 Rfe8 18. Ndf3 Qxe1 19. Rcxe1 Ba4 20. Rb1
Ba3 21. Rb7 Re7 22. Rfb1 Bb5 23. Rxe7 Bxe7 24. Nd4 Rc8 25. h3 a6 26. Bh4 Bc5
27. Bxf6 Bxd4 28. exd4 gxf6 29. Nd7 f5 30. f3 Rc7 31. Nc5 Re7 32. a4 Bc4 33.
Rb6 Re1+ 34. Kf2 Rd1 35. Nxa6 f4 36. g4 Bxa6 37. Rxa6 Rxd4 38. Rxc6 Rxa4 39.
Rf6 Rd4 40. h4 Kg7 41. Rf5 f6 42. Ke2 Kg6 43. Kf2 Rd2+ 44. Ke1 Rd4 45. Ke2 Kg7
46. Kf2 Rd2+ 47. Ke1 Rh2 48. Rxd5 Rxh4 49. Rf5 h5 50. Rxf4 hxg4 51. fxg4 f5
1/2-1/2

[Event "GBR-ch108 Under 12"]
[Site "Torquay"]
[Date "2022.08.11"]
[Round "5"]
[White "Jayawarna, Thisumi"]
[Black "Pereslavtsev, Alexandr"]
[Result "0-1"]
[WhiteElo "1432"]
[BlackElo "1471"]
[PlyCount "96"]
[EventDate "2022.08.08"]
[EventType "swiss"]
[EventRounds "7"]
[EventCountry "GBR"]
[SourceTitle "BritBase"]
[Source "John Saunders"]
[SourceDate "2021.06.05"]
[SourceVersion "1"]
[SourceVersionDate "2021.06.05"]
[SourceQuality "1"]

1. e4 c5 2. Nf3 d6 3. d4 cxd4 4. Nxd4 Nf6 5. Nc3 a6 6. Bg5 e6 7. f4 Be7 8. Qf3
Qc7 9. O-O-O Nbd7 10. g4 b5 11. Bxf6 Nxf6 12. g5 Nd7 13. f5 Bxg5+ 14. Kb1 O-O
15. fxe6 Ne5 16. exf7+ Rxf7 17. Qg3 Bf4 18. Nd5 Bxg3 19. Nxc7 Rxc7 20. hxg3 Bg4
21. Be2 Rac8 22. Bxg4 Nxg4 23. Rd2 Nf6 24. Re1 Re8 25. Nf5 Rxe4 26. Rxe4 Nxe4
27. Rd4 d5 28. Rxd5 g6 29. Rd8+ Kf7 30. Nd6+ Ke7 31. Re8+ Kxd6 32. Rxe4 Re7 33.
Rxe7 Kxe7 34. Kc1 Kd6 35. Kd2 h5 36. Ke3 Ke5 37. c3 g5 38. Kf3 h4 39. gxh4 gxh4
40. Kg4 Ke4 41. a4 Kd3 42. axb5 axb5 43. Kxh4 Kc2 44. c4 bxc4 45. b4 cxb3 46.
Kg4 b2 47. Kf5 b1=Q 48. Ke5 Qd1 0-1

[Event "GBR-ch108 Under 12"]
[Site "Torquay"]
[Date "2022.08.11"]
[Round "5"]
[White "Kumar, Soham"]
[Black "Steiners, Emils"]
[Result "1-0"]
[WhiteElo "1831"]
[BlackElo "1686"]
[PlyCount "71"]
[EventDate "2022.08.08"]
[EventType "swiss"]
[EventRounds "7"]
[EventCountry "GBR"]
[SourceTitle "BritBase"]
[Source "John Saunders"]
[SourceDate "2021.06.05"]
[SourceVersion "1"]
[SourceVersionDate "2021.06.05"]
[SourceQuality "1"]

1. e4 e6 2. d4 d5 3. e5 c5 4. c3 Nc6 5. Nf3 Qb6 6. Be2 cxd4 7. cxd4 Nh6 8. Bxh6
Qxb2 9. Bxg7 Bxg7 10. Nbd2 Nxd4 11. Qa4+ Nc6 12. Rb1 Qc3 13. O-O O-O 14. Rfc1
Qa5 15. Qg4 Kh8 16. Bd3 Nxe5 17. Nxe5 Bxe5 18. Nf3 f5 19. Qh5 Bf6 20. g4 Qd8
21. g5 Bg7 22. h4 b6 23. g6 h6 24. Ng5 Qe7 25. Nf7+ Kg8 26. Nxh6+ Bxh6 27. Qxh6
Bb7 28. h5 Rac8 29. Re1 Rc6 30. Re5 Bc8 31. Rbe1 Qd7 32. Bb5 Bb7 33. Bxc6 Bxc6
34. Rxe6 Qg7 35. Qxg7+ Kxg7 36. Rxc6 1-0